ՀՀ Գիտությունների ազգային ակադեմիայի հիմնարար գիտական գրադարան  =   Fundamental Scientific Library of NAS RA

Ленинград : (Record no. 449629)

MARC details
000 -LEADER
fixed length control field 00876nam a22001937a 4500
003 - CONTROL NUMBER IDENTIFIER
control field AM-YeHGA
040 ## - CATALOGING SOURCE
Original cataloging agency AM-YeHGA
090 ## - LOCALLY ASSIGNED LC-TYPE CALL NUMBER (OCLC); LOCAL CALL NUMBER (RLIN)
-- 452552
005 - DATE AND TIME OF LATEST TRANSACTION
control field 20250617160256.0
008 - FIXED-LENGTH DATA ELEMENTS--GENERAL INFORMATION
fixed length control field 200824b ||||| |||| 00| 0 rus d
041 0# - LANGUAGE CODE
Language code of text/sound track or separate title rus
245 00 - TITLE STATEMENT
Title Ленинград :
Remainder of title Путеводитель /
Statement of responsibility, etc. Переплет, форзац и макеты титулов: М. А. Кирнарский
260 ## - PUBLICATION, DISTRIBUTION, ETC.
Place of publication, distribution, etc. Ленинград :
Name of publisher, distributor, etc. Соцэкгиз,
Date of publication, distribution, etc. 1933
300 ## - PHYSICAL DESCRIPTION
Extent том;
Other physical details ил., портр., план
505 0# - FORMATTED CONTENTS NOTE
Miscellaneous information Т. 1 (455 с.) :
Title История, экономика, культура;
Miscellaneous information Т. 2 (634 с.) :
Title Прогулки по городу, музеи, научные учреждения, справочник
653 0# - INDEX TERM--UNCONTROLLED
Uncontrolled term Ленинград - Путеводители
653 0# - INDEX TERM--UNCONTROLLED
Uncontrolled term Путеводители - по Ленинграду
942 ## - ADDED ENTRY ELEMENTS (KOHA)
Source of classification or shelving scheme Universal Decimal Classification
Koha item type Գրքեր / Books
Holdings
Withdrawn status Lost status Damaged status Not for loan Collection Home library Current library Date acquired Serial enumeration / chronology Total checkouts Full call number Barcode Date last seen Price effective from Koha item type Public note
        General Fundamental Scientific Library Fundamental Scientific Library 24/08/2020 Т. 1   РД I/11512 FL0621863 24/08/2020 24/08/2020 Գրքեր / Books 30 Days Loan
        General Fundamental Scientific Library Fundamental Scientific Library 24/08/2020 Т. 2   РД I/11451 FL0621802 24/08/2020 24/08/2020 Գրքեր / Books 30 Days Loan


ՀՀ ԳԱԱ հիմնարար գիտական գրադարան
ՀՀ,Երևան 0019
Մարշալ Բաղրամյան 24/6
հեռախոս:(374-10) 52-47-50
Հետադարձ կապ

All site content, except where otherwise noted, is licensed under a
Creative Commons License